[Event "San Jose 1000 GM Spring Break 2 Gp2"]
[Site "San Jose"]
[Date "2024.04.03"]
[Round "4.2"]
[White "Gongora Montes, Benjamin"]
[Black "Xia, Joshua"]
[Result "1-0"]
[WhiteElo "2092"]
[BlackElo "2012"]
[PlyCount "115"]
[EventDate "2024.04.02"]
[EventType "schev"]
[EventRounds "5"]
[EventCountry "USA"]
[SourceTitle "CB16_2024"]
[SourceDate "2024.04.17"]
[SourceVersion "1"]
[SourceVersionDate "2024.04.17"]
[SourceQuality "1"]
[WhiteTeam "Masters"]
[BlackTeam "Challengers"]
[WhiteTeamCountry "USA"]
[BlackTeamCountry "USA"]

1. d4 Nf6 2. Nf3 g6 3. Bg5 Bg7 4. Nbd2 c5 5. e3 cxd4 6. exd4 d6 7. Bc4 0-0 8. 0-0 Nbd7 9. Re1 b6 10. c3 Bb7 11. Bh4 e6 12. Bg3 Qc7 13. Qa4 Nh5 14. Bh4 a6 15. Qb4 b5 16. Bf1 Rfe8 17. a4 bxa4 18. Rxa4 a5 19. Qb3 Nb6 20. Ra3 a4 21. Qc2 Bc6 22. b3 axb3 23. Qxb3 Rxa3 24. Qxa3 Rc8 25. c4 Bxf3 26. Nxf3 Nxc4 27. Bxc4 Qxc4 28. Qxd6 Qc6 29. Qxc6 Rxc6 30. Bg5 Rd6 31. g4 Nf6 32. h3 Nd5 33. Rb1 h6 34. Rb8+ Kh7 35. Bd2 Rd7 36. Kf1 Ne7 37. Rb6 e5 38. dxe5 Nd5 39. Rd6 Rxd6 40. exd6 Nb6 41. Ke2 Nd7 42. Ke3 Bf8 43. Bb4 Bg7 44. Kd3 h5 45. g5 f6 46. Kc4 fxg5 47. Nxg5+ Kg8 48. Kd5 Bf6 49. Ke6 Bxg5 50. Kxd7 Bh4 51. f3 Kf7 52. Ba5 Bg3 53. Bd8 Bf4 54. Be7 g5 55. Kc8 Bxd6 56. Bxd6 Ke6 57. Kc7 Kf5 58. Kd7 1-0

[Event "San Jose 1000 GM Spring Break 1B"]
[Site "San Jose"]
[Date "2024.03.30"]
[Round "4.4"]
[White "Xia, Joshua"]
[Black "Varela Velazquez, Carlos Francisco"]
[Result "1/2-1/2"]
[WhiteElo "1938"]
[BlackElo "2113"]
[PlyCount "93"]
[EventDate "2024.03.29"]
[EventType "schev"]
[EventRounds "5"]
[EventCountry "USA"]
[SourceTitle "CB16_2024"]
[SourceDate "2024.04.17"]
[SourceVersion "1"]
[SourceVersionDate "2024.04.17"]
[SourceQuality "1"]

1. e4 e5 2. Nf3 Nc6 3. Bb5 a6 4. Ba4 Nf6 5. 0-0 Be7 6. d3 b5 7. Bb3 d6 8. a3 0-0 9. Nc3 Na5 10. Ba2 Be6 11. Nd5 Nxd5 12. exd5 Bg4 13. Re1 Nb7 14. Qe2 f5 15. c3 Qe8 16. Qe3 f4 17. Qe2 Qh5 18. h3 Bxf3 19. Qxf3 Qxf3 20. gxf3 Bh4 21. b4 a5 22. Bb2 Nd8 23. c4 axb4 24. axb4 Ra4 25. c5 Nf7 26. Bb3 Rxb4 27. Ra3 dxc5 28. Bc3 Rxb3 29. Rxb3 b4 30. Bxe5 Re8 31. Bc3 Rxe1+ 32. Bxe1 Bf6 33. Bd2 g5 34. Bc1 Ne5 35. Kg2 Ng6 36. Kf1 Be7 37. Ke2 Bd6 38. Rb2 Ne7 39. Ra2 h5 40. Ra8+ Kf7 41. Rh8 h4 42. Bb2 Nxd5 43. Rh7+ Kg6 44. Rg7+ Kf5 45. Kd2 Be7 46. Kc2 Ke6 47. Kb3 1/2-1/2

[Event "Sunnyvale 1000GM Bona op 09"]
[Site "Sunnyvale"]
[Date "2023.09.17"]
[Round "3"]
[White "Guo, Ethan"]
[Black "Xia, Joshua"]
[Result "1-0"]
[WhiteElo "1971"]
[BlackElo "1670"]
[PlyCount "119"]
[EventDate "2023.09.15"]
[EventType "swiss"]
[EventRounds "5"]
[EventCountry "USA"]
[SourceTitle "EXT 2024"]
[Source "ChessBase"]
[SourceDate "2023.10.10"]
[SourceVersion "1"]
[SourceVersionDate "2023.10.10"]
[SourceQuality "1"]

1. e4 c5 2. Nf3 d6 3. d4 cxd4 4. Nxd4 Nf6 5. Nc3 a6 6. h3 e5 7. Nde2 h5 8. g3 Be6 9. Bg2 b5 10. 0-0 b4 11. Nd5 Bxd5 12. exd5 Nbd7 13. a3 bxa3 14. Rxa3 g6 15. Be3 Bh6 16. Bxh6 Rxh6 17. Qd2 Rh8 18. Rfa1 Qb6 19. Rb3 Qc7 20. Rc3 Qb7 21. b4 Ke7 22. Rc6 Rhb8 23. c3 a5 24. bxa5 Qb2 25. Qd1 Rb5 26. a6 Ra7 27. c4 Rb4 28. Qe1 Nb8 29. Nc3 Nxc6 30. dxc6 Qc2 31. c7 Rxc7 32. a7 Rbxc4 33. a8Q Qxc3 34. Qxc3 Rxc3 35. Kh2 Rc2 36. Ra2 Rxa2 37. Qa7 Ra3 38. Qxa3 Ne8 39. Qa2 Kf8 40. Bd5 Ke7 41. Qa8 Ng7 42. Bc6 Ne6 43. Qe8+ Kf6 44. Bd7 d5 45. Qh8+ Ke7 46. Qe8+ Kf6 47. Bxe6 fxe6 48. Qd8+ Re7 49. g4 hxg4 50. hxg4 Kf7 51. Qd6 e4 52. g5 Ke8 53. Kg3 Kf8 54. Qe5 Ke8 55. Qf6 Rf7 56. Qxe6+ Kf8 57. Qxg6 Ke7 58. Qc6 Rf3+ 59. Kg4 Rxf2 60. Qc5+ 1-0

[Event "Wch U08"]
[Site "Batumi"]
[Date "2022.09.26"]
[Round "10"]
[White "Xia, Joshua"]
[Black "Nguyen, Truong An Khang"]
[Result "1-0"]
[WhiteElo "1673"]
[BlackElo "1362"]
[PlyCount "33"]
[EventDate "2022.09.16"]
[EventType "swiss"]
[EventRounds "11"]
[EventCountry "GEO"]
[SourceTitle "EXT 2023"]
[Source "ChessBase"]
[SourceDate "2022.10.05"]
[SourceVersion "1"]
[SourceVersionDate "2022.10.05"]
[SourceQuality "1"]

1. e4 c6 2. d4 d5 3. e5 c5 4. dxc5 e6 5. a3 Bxc5 6. Qg4 Ne7 7. b4 Bb6 8. Bd3 0-0 9. Nf3 Nf5 10. Bg5 Qc7 11. Bf6 Bxf2+ 12. Ke2 g6 13. Bxf5 exf5 14. Qg5 Nd7 15. Qh6 Nxf6 16. exf6 Re8+ 17. Kd1 1-0

[Event "Wch U08"]
[Site "Batumi"]
[Date "2022.09.21"]
[Round "6"]
[White "Bakhyt, Rauan"]
[Black "Xia, Joshua"]
[Result "0-1"]
[WhiteElo "1166"]
[BlackElo "1673"]
[PlyCount "88"]
[EventDate "2022.09.16"]
[EventType "swiss"]
[EventRounds "11"]
[EventCountry "GEO"]
[SourceTitle "EXT 2023"]
[Source "ChessBase"]
[SourceDate "2022.10.05"]
[SourceVersion "1"]
[SourceVersionDate "2022.10.05"]
[SourceQuality "1"]

1. e4 e5 2. Nf3 Nc6 3. d4 exd4 4. Bc4 Bc5 5. Ng5 Nh6 6. Nxf7 Nxf7 7. Bxf7+ Kxf7 8. Qh5+ g6 9. Qxc5 d5 10. Qxd5+ Qxd5 11. exd5 Nb4 12. Na3 Re8+ 13. Kd1 Bf5 14. f3 Nxd5 15. g4 Bd7 16. Re1 Bc6 17. Nc4 Kf6 18. f4 Nc3+ 19. Kd2 Ne4+ 20. Kd3 Nf2+ 21. Kd2 Nxg4 22. Rg1 Nxh2 23. Ne5 Nf3+ 24. Nxf3 Bxf3 25. Kd3 c5 26. c3 Rad8 27. Bd2 b5 28. Rg5 c4+ 29. Kc2 d3+ 30. Kc1 h5 31. Rg3 Bg4 32. b3 Kf5 33. bxc4 h4 34. Rg1 h3 35. Rb1 h2 36. Rxb5+ Kf6 37. Rh1 Re2 38. Re5 Rf2 39. Rb5 Bf3 40. Be1 d2+ 41. Bxd2 Rdxd2 42. Re1 Rd1+ 43. Rxd1 Bxd1 44. Kxd1 h1Q# 0-1